[Event "Najdorf Memorial"]
[Site "Warsaw POL"]
[Date "2022.07.17"]
[Round "9.5"]
[White "Maslanka, Wojciech"]
[Black "Romanishin, Oleg M"]
[Result "0-1"]
[BlackElo "2404"]
[WhiteElo "2000"]

1. e4 e5 2. Nf3 Nc6 3. Bc4 Nf6 4. d3 Be7 5. Nc3 O-O 6. O-O d6 7. a4 a5 8. Re1 Be6 9. Nd5 Bxd5 10. exd5 Nb4 11. d4 e4 12. Nd2 c6 13. f3 exf3 14. Nxf3 Nbxd5 15. Bg5 Re8 16. c3 Qd7 17. Qb3 Bf8 18. Rf1 h6 19. Bh4 Rab8 20. h3 Re4 21. Bxf6 Nxf6 22. d5 Rbe8 23. Nd4 Nxd5 24. Bxd5 cxd5 25. Qxd5 R4e5 26. Qb3 d5 27. Rad1 Bc5 28. Kh1 Bxd4 29. Rxd4 Re1 30. Rd1 Rxf1+ 31. Rxf1 Qc6 32. Qc2 Re6 33. Qd2 Qc4 34. Rf4 Re4 35. Rxe4 dxe4 36. Qd7 Qf1+ 37. Kh2 Qf4+ 38. Kg1 Qc1+ 39. Kh2 Qf4+ 40. Kg1 e3 41. Qd8+ Kh7 42. Qd3+ g6 43. Qc2 h5 44. b3 b6 45. Qe2 Qe5 46. Qe1 Kg7 47. b4 Qe4 48. Qe2 Qb1+ 49. Kh2 Qc1 50. bxa5 bxa5 51. Qc4 Qd2 52. Qc5 e2 53. Qe5+ Kh7 0-1

[Event "Najdorf Memorial"]
[Site "Warsaw POL"]
[Date "2022.07.17"]
[Round "9.7"]
[White "Danielyan, Vahe"]
[Black "Celinski, Kamil"]
[Result "1/2-1/2"]
[BlackElo "1876"]
[WhiteElo "2295"]

1. e4 e5 2. Nf3 Nc6 3. Bb5 a6 4. Ba4 Nf6 5. O-O Be7 6. Nc3 b5 7. Bb3 d6 8. a4 b4 9. Nd5 Na5 10. Ba2 Rb8 11. d4 exd4 12. Nxe7 Qxe7 13. Nxd4 c5 14. Nf5 Bxf5 15. exf5 O-O 16. Re1 Qd7 17. Qf3 Nc6 18. Be3 Ne5 19. Qh3 Neg4 20. Bc4 a5 21. Rad1 Nxe3 22. Rxe3 Qxa4 23. b3 Qc6 24. Rg3 Kh8 25. Rgd3 d5 26. Qf3 a4 27. bxa4 Qxa4 28. Bb3 Qc6 29. Bxd5 Nxd5 30. Rxd5 c4 31. Qf4 Rbe8 32. Rd6 Qe4 33. Qxe4 Rxe4 34. Rb6 c3 35. f3 Re2 36. Rc1 Rd8 37. Kf1 Red2 38. Rxb4 h6 39. Re4 R8d5 40. Re2 f6 41. Rce1 Rc5 42. g4 Kh7 43. h3 h5 44. Kf2 h4 45. f4 Rc7 46. Kf3 Rc4 47. g5 fxg5 48. fxg5 Rd5 49. Re5 Rd2 50. R1e4 Rxe4 51. Rxe4 Rxc2 52. Rxh4+ Kg8 53. Rc4 Rc1 54. Kg4 c2 55. Kh5 Rf1 56. Rxc2 Rxf5 57. Kg6 Rf8 58. Rc7 Kh8 59. h4 Ra8 60. h5 Rf8 61. Re7 Ra8 62. Kf7 Rb8 63. Ra7 Rc8 64. h6 gxh6 65. Ra6 Rc7+ 66. Kg6 Rc8 67. Kxh6 Kg8 1/2-1/2

[Event "Najdorf Memorial"]
[Site "Warsaw POL"]
[Date "2022.07.17"]
[Round "9.8"]
[White "Sowul, Bartosz"]
[Black "Dalkowski, Rafal"]
[Result "1-0"]
[BlackElo "2120"]
[WhiteElo "2283"]

1. e4 c6 2. d4 d5 3. exd5 cxd5 4. Nf3 Nf6 5. Ne5 e6 6. Bb5+ Bd7 7. Nxd7 Nbxd7 8. c3 Bd6 9. Nd2 O-O 10. O-O Qc7 11. g3 a6 12. Bd3 b5 13. a3 Rfb8 14. Re1 a5 15. Nf3 Qc6 16. Qe2 b4 17. Ne5 Bxe5 18. dxe5 Ne8 19. cxb4 axb4 20. a4 Nc7 21. b3 Qc3 22. Bb2 Qc5 23. Rac1 Qb6 24. Bxh7+ Kxh7 25. Qc2+ Kh6 26. Qxc7 Rb7 27. Qc2 Nf8 28. h4 g6 29. Rcd1 Nd7 30. h5 Rg8 31. Rd4 Nc5 32. hxg6 Ne4 33. Bc1+ Kg7 34. Be3 Qd8 35. Qc1 fxg6 36. Bh6+ Kh7 37. Rexe4 g5 38. Bxg5 Rxg5 39. Rh4+ Kg8 40. Qc6 Rb6 41. Qc2 Rb7 42. Rh6 Rc7 43. Qd3 1-0

[Event "Najdorf Memorial"]
[Site "Warsaw POL"]
[Date "2022.07.17"]
[Round "9.9"]
[White "Fiszer, Bartosz"]
[Black "Praczukowski, Stanislaw"]
[Result "1-0"]
[BlackElo "2055"]
[WhiteElo "2228"]

1. e4 e5 2. Nf3 Nc6 3. Bb5 a6 4. Ba4 Nf6 5. O-O Be7 6. Re1 b5 7. Bb3 d6 8. c3 O-O 9. h3 Bb7 10. d4 Re8 11. Ng5 Rf8 12. Nf3 Re8 13. a4 h6 14. Nbd2 Bf8 15. Bc2 exd4 16. cxd4 Nb4 17. Bb1 c5 18. Ra3 g6 19. dxc5 dxc5 20. e5 Nh5 21. axb5 axb5 22. Rxa8 Bxa8 23. Ne4 Qxd1 24. Rxd1 f5 25. Nd6 Bxf3 26. gxf3 Rxe5 27. Nxb5 Bg7 28. Be3 f4 29. Bc1 Nc6 30. Kf1 g5 31. Rd6 Ne7 32. Bd2 c4 33. Rd8+ Kf7 34. Nd6+ Ke6 35. Nxc4 Rb5 36. Ba2 1-0

[Event "Najdorf Memorial"]
[Site "Warsaw POL"]
[Date "2022.07.17"]
[Round "9.10"]
[White "Raczek, Krzysztof"]
[Black "Musial, Tomasz"]
[Result "0-1"]
[BlackElo "2131"]
[WhiteElo "2114"]

1. e4 e6 2. d4 d5 3. e5 c5 4. c3 Nc6 5. Nf3 Bd7 6. Be2 Nge7 7. O-O Ng6 8. g3 f6 9. exf6 Qxf6 10. Be3 cxd4 11. Nxd4 Bd6 12. Nb5 Bb8 13. Bc5 Nge7 14. Nd6+ Bxd6 15. Bxd6 e5 16. Bxe7 Nxe7 17. Na3 O-O 18. Bg4 Rad8 19. Bxd7 Rxd7 20. Qa4 Nc6 21. f4 Rdf7 22. Qb5 exf4 23. Qxd5 f3 24. Rf2 Ne5 25. Raf1 Ng4 26. Rxf3 Qb6+ 27. Kg2 Ne3+ 28. Rxe3 Qxe3 29. Rf4 Qb6 30. Nc4 Qc6 31. Qxc6 bxc6 32. Re4 Rf2+ 33. Kh3 R8f6 34. Re8+ Kf7 35. Rc8 Rh6+ 36. Kg4 Re6 37. Kh3 h5 38. Rxc6 Rxc6 39. Ne5+ Kf6 40. Nxc6 Rxb2 41. Nxa7 Rxa2 42. Nb5 Rc2 43. Nd4 Rxc3 44. Kg2 g5 45. Ne2 Rc2 46. Kf3 Ke5 47. h3 g4+ 48. hxg4 hxg4+ 49. Ke3 Rxe2+ 50. Kxe2 Ke4 51. Kf2 Kd3 52. Kf1 Ke3 53. Kg2 Ke2 54. Kg1 Kf3 55. Kh2 Kf2 56. Kh1 Kxg3 57. Kg1 Kh3 58. Kh1 g3 59. Kg1 g2 60. Kf2 Kh2 0-1

[Event "Najdorf Memorial"]
[Site "Warsaw POL"]
[Date "2022.07.17"]
[Round "9.11"]
[White "Fiedorek, Michal"]
[Black "Zdybel, Przemyslaw"]
[Result "1-0"]
[BlackElo "2026"]
[WhiteElo "2289"]

1. e4 c5 2. Nf3 d6 3. d4 cxd4 4. Nxd4 Nf6 5. Nc3 a6 6. h4 e5 7. Nb3 Be6 8. f4 exf4 9. Bxf4 Nc6 10. Qd2 d5 11. O-O-O Bb4 12. Bg5 Nxe4 13. Qe3 Nxg5 14. Nxd5 Bd6 15. hxg5 Kf8 16. Nb6 Rb8 17. Bc4 Qc7 18. Rhf1 Bxc4 19. Nxc4 Nb4 20. Rxf7+ Qxf7 21. Nxd6 Nd5 22. Qc5 Qf4+ 23. Kb1 Ne7 24. Nd4 1-0

[Event "Najdorf Memorial"]
[Site "Warsaw POL"]
[Date "2022.07.17"]
[Round "9.12"]
[White "Gorkiewicz, Mateusz"]
[Black "Mickiewicz, Piotr"]
[Result "*"]
[BlackElo "2284"]
[WhiteElo "2023"]

1. e4 c5 2. Nf3 d6 3. d4 Nf6 4. Nc3 cxd4 5. Nxd4 a6 6. Nb3 e6 7. Bd3 Nbd7 8. a4 b6 9. O-O Bb7 10. f4 h5 11. Qe2 Qc7 12. Bd2 Be7 13. Rae1 h4 14. e5 dxe5 15. fxe5 Nxe5 16. Bf4 Bc5+ 17. Nxc5 Qxc5+ 18. Be3 Qc6 19. h3 Nxd3 20. cxd3 Rd8 21. Rc1 Rxd3 22. Rf2 Qd6 23. Bf4 Qd4 24. Be5 Qe3 25. Qxe3 Rxe3 26. Bd4 Rd3 27. Bxb6 Rh5 28. Rd1 Rxd1+ 29. Nxd1 Rd5 30. Nc3 Rd3 31. a5 Nd7 32. Bc7 g5 33. Re2 Ke7 34. Ne4 Rd1+ 35. Kh2 f6 36. Rd2 Rxd2 37. Nxd2 Nc5 38. Bb6 Na4 39. Bf2 Nxb2 40. Nb3 Nd3 41. Bb6 e5 42. Nc5 Nxc5 43. Bxc5+ Ke6 44. Bb6 Kf5 45. g3 hxg3+ 46. Kxg3 Bc6 47. Bd8 Be8 48. Be7 Bh5 49. Bd8 Kg6 50. Kf2 Bd1 51. Be7 e4 52. Bd8 f5 53. h4 gxh4 54. Ke3 Kh5 55. Bc7 Kg4 56. Bd6 Ba4 57. Bc7 Bc6 58. Bd6 Bd7 59. Bc7 Kh3 60. Kf2 e3+ *

[Event "Najdorf Memorial"]
[Site "Warsaw POL"]
[Date "2022.07.17"]
[Round "9.13"]
[White "Podgorski, Maciej"]
[Black "Szewczyk, Mariusz"]
[Result "1-0"]
[BlackElo "2103"]
[WhiteElo "1967"]

1. e4 e5 2. Nf3 Nf6 3. d4 exd4 4. e5 Ne4 5. c3 d5 6. cxd4 c5 7. Nc3 Nc6 8. Bb5 Qa5 9. Qa4 Qxa4 10. Bxa4 Nxc3 11. bxc3 Bf5 12. c4 Be6 13. Rb1 O-O-O 14. Bg5 Rd7 15. cxd5 Bxd5 16. dxc5 Bxc5 17. O-O f6 18. exf6 gxf6 19. Bxf6 Rg8 20. Bb3 Rg4 21. Bxd5 Rxd5 22. h3 Ra4 23. Rb2 Nb4 24. Ra1 b6 25. Bc3 Nd3 26. Rd2 Rc4 27. Bf6 Rf4 28. Bh4 Nb4 29. Rxd5 Nxd5 30. Rd1 Nc3 31. Rd8+ Kb7 32. Rd7+ Ka6 33. Rxh7 Nxa2 34. Bg5 Re4 35. h4 b5 36. h5 b4 37. Rc7 Rc4 38. Be3 b3 39. Bxc5 Nb4 40. Rxa7+ Kb5 41. Nd4+ Kxc5 42. Nxb3+ Kb6 43. Rb7+ 1-0

[Event "Najdorf Memorial"]
[Site "Warsaw POL"]
[Date "2022.07.17"]
[Round "9.14"]
[White "Bojczewski, Mateusz"]
[Black "Janeczko, Jakub"]
[Result "0-1"]
[BlackElo "2080"]
[WhiteElo "1735"]

1. c4 g6 2. g3 Bg7 3. Bg2 e5 4. Nc3 d6 5. a3 f5 6. b4 Nf6 7. Bb2 O-O 8. e3 c6 9. Nge2 Be6 10. d3 d5 11. cxd5 cxd5 12. Rc1 Bf7 13. Qd2 Nbd7 14. O-O Nb6 15. f4 e4 16. Nd4 Re8 17. dxe4 dxe4 18. Rfd1 Nc4 19. Qe2 Qe7 20. h3 Rac8 21. Bf1 h5 22. Qf2 Red8 23. Bxc4 Bxc4 24. Rd2 Rd7 25. Rdc2 Qf7 26. Nb1 Rdc7 27. Nd2 Bd3 28. Rxc7 Rxc7 29. Rxc7 Qxc7 30. Ne6 Qc2 31. Nf1 Qxf2+ 32. Kxf2 Ng4+ 33. hxg4 Bxb2 34. gxf5 gxf5 35. a4 Bc3 36. Nd4 Bxd4 37. exd4 Bxf1 38. Kxf1 Kf7 39. Ke2 Ke6 40. Kd2 Kd5 41. Kc3 a6 42. a5 e3 43. Kd3 e2 44. Kxe2 Kxd4 0-1

[Event "Najdorf Memorial"]
[Site "Warsaw POL"]
[Date "2022.07.17"]
[Round "9.15"]
[White "Kazmierowski, Tymon"]
[Black "Shilov, Sergej"]
[Result "1/2-1/2"]
[BlackElo "2048"]
[WhiteElo "1961"]

1. d4 d6 2. Nf3 Bg4 3. c4 c6 4. g3 Bxf3 5. exf3 d5 6. Qb3 Qd7 7. Bg2 dxc4 8. Qxc4 e6 9. O-O Ne7 10. Nc3 Nd5 11. f4 g6 12. Re1 Nb6 13. Qe2 Bg7 14. b3 Nd5 15. Nxd5 cxd5 16. Ba3 Nc6 17. Qd2 O-O-O 18. b4 Kb8 19. Bb2 Ne7 20. a4 Nf5 21. b5 Nd6 22. Bf1 Rc8 23. Rac1 Rxc1 24. Rxc1 Rc8 25. Rxc8+ Qxc8 26. Qb4 Nf5 27. a5 Bf8 28. Qa4 Qd8 29. b6 a6 30. Bc3 Bd6 31. Bb4 Bxb4 32. Qxb4 Qd6 33. Qa4 Qc6 34. Qb4 Nd6 35. Bd3 Kc8 36. Kf1 Kd8 37. Ke2 1/2-1/2

[Event "Najdorf Memorial"]
[Site "Warsaw POL"]
[Date "2022.07.17"]
[Round "9.16"]
[White "Goraj, Barbara"]
[Black "Bartodziej, Bartosz"]
[Result "1-0"]
[BlackElo "1809"]
[WhiteElo "2035"]

1. e4 c5 2. Nf3 d6 3. d4 cxd4 4. Nxd4 Nf6 5. Nc3 a6 6. h4 e5 7. Nb3 Be7 8. Bg5 Be6 9. Bxf6 Bxf6 10. g3 Be7 11. Qd2 Nd7 12. O-O-O O-O 13. Kb1 Rc8 14. f4 Nf6 15. f5 Bc4 16. Bxc4 Rxc4 17. Qe2 b5 18. g4 Nd7 19. g5 f6 20. Rhg1 Nb6 21. Qd2 d5 22. Nxd5 Nxd5 23. exd5 Bd6 24. h5 fxg5 25. Rxg5 Be7 26. Rg2 Rxf5 27. d6 Bf6 28. Qd5+ Kh8 29. Qe6 Rff4 30. d7 h6 31. Qe8+ Kh7 32. Rdg1 1-0

[Event "Najdorf Memorial"]
[Site "Warsaw POL"]
[Date "2022.07.17"]
[Round "9.17"]
[White "Padalka, Artem"]
[Black "Zalega, Maciej"]
[Result "0-1"]
[BlackElo "1912"]
[WhiteElo "2204"]

1. c4 Nc6 2. g3 Nf6 3. Bg2 e6 4. Nf3 d5 5. O-O Bd6 6. d4 O-O 7. Nc3 dxc4 8. e4 Bb4 9. e5 Bxc3 10. bxc3 Nd5 11. Ng5 f5 12. exf6 gxf6 13. Nf3 Nxc3 14. Qc2 Nb5 15. Rd1 Nd6 16. Ba3 Rb8 17. g4 Bd7 18. g5 Qe8 19. gxf6 Rxf6 20. Ne5 Nb5 21. Bb2 Nxe5 22. dxe5 Rg6 23. Rxd7 Qxd7 24. Qxc4 Rd8 25. a4 Nd4 26. Kh1 Nf5 27. Qe4 Qd1+ 28. Qe1 Qxe1+ 29. Rxe1 Rd2 30. Bc1 Rxf2 31. Bxb7 h5 32. Be4 Rg7 33. a5 h4 34. a6 h3 35. Bb7 Rg4 36. Ba3 Rgf4 37. Rg1+ Kf7 38. Bc5 Nd4 39. Bxa7 Ra2 40. Rd1 Nf3 41. Bg1 Nxg1 42. Kxg1 Rg4+ 43. Kf1 Rb4 44. Ke1 Kg6 45. Bf3 Rxa6 46. Kf2 Ra2+ 47. Kg3 Rb3 48. Kg4 Ra4+ 49. Kg3 Raa3 50. Rf1 Kf5 0-1

[Event "Najdorf Memorial"]
[Site "Warsaw POL"]
[Date "2022.07.17"]
[Round "9.18"]
[White "Lewandrowski, Tomasz"]
[Black "Kaczmarek, Arkadiusz"]
[Result "0-1"]
[BlackElo "2147"]
[WhiteElo "1902"]

1. d4 d5 2. Nc3 Nf6 3. Bf4 a6 4. e3 Bf5 5. f3 e6 6. g4 Bg6 7. h4 h5 8. g5 Nfd7 9. Bd3 Bxd3 10. Qxd3 g6 11. e4 c6 12. O-O-O Bg7 13. Nge2 O-O 14. Kb1 b5 15. exd5 cxd5 16. Bd6 Re8 17. Nf4 Nf8 18. Be5 Bxe5 19. dxe5 Nc6 20. Qe2 Qc7 21. Rhe1 Nd7 22. Nxh5 gxh5 23. f4 Ne7 24. Qxh5 Nf8 25. Rd2 Qc4 26. Nd1 Nfg6 27. Ne3 Qxf4 28. Ng4 Nf5 29. Rf2 Qg3 30. Rh1 Kf8 31. Rff1 Ke7 32. Nh6 Nxh6 33. Qxh6 Rf8 34. h5 Nxe5 35. Qf6+ Kd6 36. Rfg1 Qf3 37. h6 Qxf6 38. gxf6 Nd7 39. Rg7 Nxf6 0-1

[Event "Najdorf Memorial"]
[Site "Warsaw POL"]
[Date "2022.07.17"]
[Round "9.19"]
[White "Vanduyfhuys, Daria"]
[Black "Starosciak, Szymon"]
[Result "1/2-1/2"]
[BlackElo "1901"]
[WhiteElo "2094"]

1. d4 d5 2. c4 c6 3. Nf3 Nf6 4. Nc3 e6 5. Bg5 h6 6. Bxf6 Qxf6 7. e3 g6 8. Bd3 Bg7 9. O-O O-O 10. e4 Qd8 11. e5 dxc4 12. Bxc4 c5 13. dxc5 Nd7 14. Qe2 Nxc5 15. Rfd1 Qe7 16. Rd4 a6 17. b4 Nd7 18. Bb3 Nb8 19. Rad1 Nc6 20. Rd6 Nxb4 21. Qe3 Nc6 22. Qc5 Re8 23. Ba4 b5 24. Rxc6 Qxc5 25. Rxc5 bxa4 26. Rc7 Rb8 27. Nxa4 Bb7 28. Rc5 Bd5 29. Ra5 Bxa2 30. Rxa6 Bd5 31. Re1 Rec8 32. h3 Rc6 33. Rxc6 Bxc6 34. Nc5 Bxf3 35. gxf3 Rb5 36. Nd3 Rb3 37. Re3 g5 38. Kg2 Rb5 39. h4 Kh7 40. hxg5 hxg5 41. Kg3 Rd5 42. Kg4 Rd4+ 43. f4 Bh6 44. Rf3 gxf4 45. Kh5 Kg7 46. Rh3 Rd5 47. Kg4 Kh7 48. Rf3 Kg8 49. Rh3 Kg7 50. Rf3 Rd4 51. Kh5 Ra4 52. Rh3 Ra1 53. Kg4 Rd1 54. Rf3 Rg1+ 55. Kh4 Rh1+ 56. Kg4 Rg1+ 57. Kh4 Kg6 58. Nxf4+ Bxf4 59. Rxf4 Re1 60. Rf6+ Kg7 61. f4 Rg1 62. Kh5 Kf8 63. Kh6 Rg2 64. Kh5 1/2-1/2

[Event "Najdorf Memorial"]
[Site "Warsaw POL"]
[Date "2022.07.17"]
[Round "9.20"]
[White "Harazinska, Magdalena"]
[Black "Pesko, Tomasz"]
[Result "1-0"]
[BlackElo "1830"]
[WhiteElo "1976"]

1. d4 Nf6 2. c4 g6 3. Nc3 Bg7 4. e4 d6 5. Be2 O-O 6. Bg5 c5 7. d5 e6 8. dxe6 Bxe6 9. Nf3 a6 10. O-O Nc6 11. Nd5 Bxd5 12. exd5 Nb8 13. Qc2 Nbd7 14. h3 Qc7 15. Rfe1 b5 16. cxb5 Nxd5 17. Qd2 N7b6 18. bxa6 Nb4 19. Bb5 Nc8 20. a4 Nxa6 21. Rad1 Qb7 22. b3 Nc7 23. Bc4 Nb6 24. Be7 Nxc4 25. bxc4 Rfe8 26. Bxd6 Ne6 27. Qd5 Qa7 28. Ng5 Nxg5 29. Qxg5 Qxa4 30. Qxc5 Rec8 31. Qd5 Qxc4 32. Re8+ Rxe8 33. Qxc4 Ra1 34. Rxa1 Bxa1 35. Qa4 Re1+ 36. Kh2 Be5+ 37. Bxe5 Rxe5 38. Qa8+ Kg7 39. Qa1 f6 40. Qa7+ Kh6 41. Qf7 Rf5 42. f3 Rf4 43. Kg3 Rf5 44. Kf2 Rf4 45. g4 f5 46. Kg3 Ra4 47. Qf8+ Kg5 48. h4# 1-0

[Event "Najdorf Memorial"]
[Site "Warsaw POL"]
[Date "2022.07.17"]
[Round "9.21"]
[White "Kaczmarska, Joanna"]
[Black "Siekanska, Zuzanna"]
[Result "0-1"]
[BlackElo "1712"]
[WhiteElo "1965"]

1. Nf3 d5 2. g3 e6 3. Bg2 Nf6 4. O-O c5 5. d3 Nc6 6. c4 d4 7. e3 Bd6 8. exd4 cxd4 9. Bg5 h6 10. Bxf6 Qxf6 11. Nbd2 Qe7 12. Nb3 O-O 13. Nfxd4 Nxd4 14. Nxd4 Be5 15. Nc2 Bxb2 16. Rb1 Bf6 17. d4 Rd8 18. Rb3 Rb8 19. Rd3 b6 20. Ne3 Bb7 21. d5 Bg5 22. f4 Bf6 23. d6 Qf8 24. Ng4 Bxg2 25. Kxg2 Rbc8 26. f5 e5 27. Nxf6+ gxf6 28. Qg4+ Kh7 29. Rfd1 Rc6 30. d7 Qb4 31. Qh5 Qxc4 32. Rd6 Kg7 33. Kh3 Qe4 34. R1d2 b5 35. Re6 Rxe6 36. fxe6 fxe6 37. Qe8 Qf5+ 38. Kg2 Qe4+ 39. Kf2 Qb4 40. Rd3 Qc5+ 41. Ke2 Qc2+ 42. Rd2 Qc4+ 43. Kf2 Qc5+ 44. Kg2 Qc6+ 45. Kh3 Rxe8 46. dxe8=Q Qxe8 47. g4 Qc6 48. Kh4 e4 49. a4 e3 50. Rb2 bxa4 51. h3 Qf3 0-1

[Event "Najdorf Memorial"]
[Site "Warsaw POL"]
[Date "2022.07.17"]
[Round "9.22"]
[White "Iwanczuk, Krzysztof"]
[Black "Kotowicz, Kamil"]
[Result "1-0"]
[BlackElo "1770"]
[WhiteElo "1947"]

1. e4 e6 2. d4 d5 3. Nc3 dxe4 4. Nxe4 b6 5. Nf3 Bb7 6. Bb5+ c6 7. Bd3 Nd7 8. O-O Ngf6 9. Nxf6+ Nxf6 10. c3 Be7 11. Ne5 O-O 12. Qf3 Qc8 13. Qh3 c5 14. Ng4 g6 15. Bg5 Qd8 16. Ne5 cxd4 17. c4 Nd7 18. Nxd7 Qxd7 19. Bh6 Rfe8 20. f4 Bf8 21. Bxf8 Rxf8 22. Rae1 Rac8 23. g4 f5 24. Re5 Rc5 25. Rfe1 Rxe5 26. Rxe5 Qa4 27. gxf5 Qd1+ 28. Bf1 gxf5 29. Rxe6 Kh8 30. Qh6 Rg8+ 31. Kf2 Qc2+ 32. Re2 d3 33. Rxc2 dxc2 34. Qf6+ Rg7 35. Qc3 Be4 36. Be2 Kg8 37. Bf3 Bd3 38. Bd5+ Kf8 39. Qf6+ Ke8 40. Bc6+ Rd7 41. Bxd7+ Kxd7 42. Qc3 Be4 43. Ke3 1-0

[Event "Najdorf Memorial"]
[Site "Warsaw POL"]
[Date "2022.07.17"]
[Round "9.25"]
[White "Kulpa, Zuzanna"]
[Black "Wadelek, Karol"]
[Result "0-1"]
[BlackElo "1944"]
[WhiteElo "1985"]

1. d4 Nf6 2. c4 e6 3. Nc3 Bb4 4. e3 b6 5. Nge2 Ba6 6. a3 Bxc3+ 7. Nxc3 d5 8. cxd5 Bxf1 9. Kxf1 exd5 10. g3 O-O 11. Kg2 Re8 12. b4 a6 13. Re1 Nbd7 14. Qf3 c6 15. Bb2 Qe7 16. Qe2 b5 17. f3 Nb6 18. e4 dxe4 19. Nxe4 Nfd5 20. Qf2 Qf8 21. Nc5 Rxe1 22. Rxe1 a5 23. bxa5 Rxa5 24. Re2 Nc4 25. Qe1 Ra8 26. Bc1 h6 27. Nd7 Qc8 28. Nc5 Kh7 29. Qd1 Rxa3 30. Qc2+ Kg8 31. Qe4 Ra8 32. Qd3 Ra1 33. Qc2 Ra7 34. Nd3 Qd8 35. Ne5 Nxe5 36. Rxe5 Qd7 37. Bd2 b4 38. Qb2 Rb7 39. Qb3 Ra7 40. Qb2 Ra8 41. Re2 Qf5 42. Re4 Rb8 43. Qc2 Qd7 44. Qb3 Nf6 45. Rh4 Qe6 46. Qb2 Qe2+ 47. Kg1 Nd5 48. Qc1 b3 49. Bxh6 b2 50. Qb1 gxh6 51. Rg4+ Kf8 0-1

[Event "Najdorf Memorial"]
[Site "Warsaw POL"]
[Date "2022.07.17"]
[Round "9.26"]
[White "Lasota, Adam"]
[Black "Pettersson, Alexander"]
[Result "1-0"]
[BlackElo "1968"]
[WhiteElo "1892"]

1. d4 d5 2. Bf4 c5 3. e3 cxd4 4. exd4 Nc6 5. c3 f6 6. Nf3 Bg4 7. Be2 e6 8. h3 Bh5 9. Qb3 Qd7 10. Nbd2 Bd6 11. Bxd6 Qxd6 12. Qxb7 1-0

[Event "Najdorf Memorial"]
[Site "Warsaw POL"]
[Date "2022.07.17"]
[Round "9.27"]
[White "Siekanska, Maria"]
[Black "Michalska, Aleksandra"]
[Result "1/2-1/2"]
[BlackElo "1814"]
[WhiteElo "1964"]

1. d4 Nf6 2. c4 e6 3. Nc3 d5 4. cxd5 exd5 5. Bg5 c6 6. e3 h6 7. Bh4 Bf5 8. Qf3 Bg6 9. Bxf6 gxf6 10. Qd1 Bd6 11. Nf3 Nd7 12. Be2 Rg8 13. g3 Nf8 14. Nh4 Qd7 15. Bd3 Ne6 16. Qe2 O-O-O 17. O-O-O Kb8 18. Kb1 Ng5 19. Qc2 Bh5 20. Rc1 Qe8 21. h3 Bg6 22. Nf5 Bf8 23. g4 h5 24. a3 hxg4 25. hxg4 Ne6 26. b4 Nc7 27. Qb3 a6 28. a4 Bxf5 29. Bxf5 Qe7 30. Na2 Bg7 31. Rh7 Qf8 32. Rch1 Rh8 33. Nc1 Rxh7 34. Rxh7 Ne8 35. Ne2 Qe7 36. Nf4 Bf8 37. Ng6 Qxb4 38. Qxb4 Bxb4 39. Rxf7 Be1 40. f4 Bd2 41. Re7 Nd6 42. Bd3 Re8 43. Rxe8+ Nxe8 44. e4 dxe4 1/2-1/2

[Event "Najdorf Memorial"]
[Site "Warsaw POL"]
[Date "2022.07.17"]
[Round "9.28"]
[White "Jaskiewicz, Kacper"]
[Black "Polak, Michal"]
[Result "1-0"]
[BlackElo "1944"]
[WhiteElo "1756"]

1. e4 c5 2. Nf3 g6 3. d4 cxd4 4. Nxd4 Bg7 5. c3 Nc6 6. Be3 Nf6 7. Nd2 O-O 8. Be2 d5 9. Bf3 Ne5 10. exd5 Nxf3+ 11. N2xf3 Nxd5 12. Nc2 Nxe3 13. Nxe3 Qb6 14. Qb3 Qa6 15. Qc4 b5 16. Qe2 b4 17. c4 b3 18. a3 Qa5+ 19. Qd2 Qxd2+ 20. Nxd2 Bxb2 21. Rb1 Bxa3 22. Rxb3 Bc5 23. Nd5 Bf5 24. Ke2 Rfb8 25. Ra1 Bd4 26. Ra2 Kf8 27. Nc7 Rxb3 28. Nxb3 Rc8 29. Nxd4 Rxc7 30. Nxf5 gxf5 31. Kd3 Ke8 32. Kd4 Kd7 33. Ra3 f6 34. Ra5 e6 35. Ra6 Ke7 36. Ra2 Kd8 37. Ra6 Kd7 38. Ra3 Kc8 39. Ra6 Kd7 40. Ra3 Rb7 41. Ra6 Rc7 42. Ra3 Ke7 43. Ra2 Kf7 44. c5 Ke8 45. Kc4 Ke7 46. Kb5 f4 47. c6 e5 48. Kc5 e4 49. Rb2 Ke6 50. Rb7 Re7 51. c7 Rxc7+ 52. Rxc7 e3 53. fxe3 fxe3 54. Kd4 Kd6 55. Rxa7 1-0

[Event "Najdorf Memorial"]
[Site "Warsaw POL"]
[Date "2022.07.17"]
[Round "9.29"]
[White "Vanduyfhuys, Igor"]
[Black "Stachecki, Mikolaj"]
[Result "0-1"]
[BlackElo "1918"]
[WhiteElo "1959"]

1. e4 c5 2. Nf3 d6 3. d4 cxd4 4. Nxd4 Nf6 5. Nc3 Nc6 6. Bg5 e6 7. Qd3 Be7 8. O-O-O O-O 9. Qe3 Ng4 10. Qg3 Bxg5+ 11. f4 Nxd4 12. Qxg4 Bf6 13. e5 dxe5 14. fxe5 Bxe5 15. Nb5 f5 16. Qh5 Qf6 17. Nxd4 Bxd4 18. c3 Be3+ 19. Kb1 e5 20. Bc4+ Kh8 21. Rd5 g6 22. Qe2 f4 23. g4 Be6 24. Rd6 Bxc4 0-1

[Event "Najdorf Memorial"]
[Site "Warsaw POL"]
[Date "2022.07.17"]
[Round "9.33"]
[White "Sacharewicz, Krzysztof"]
[Black "Pires, Emanuel Joao Robarts"]
[Result "0-1"]
[BlackElo "2062"]
[WhiteElo "1832"]

1. d4 d5 2. Nf3 Nc6 3. g3 Bf5 4. Bg2 e6 5. O-O Be7 6. c4 Nf6 7. Qb3 O-O 8. Bd2 dxc4 9. Qxc4 Ne4 10. Be3 Nb4 11. Nbd2 b5 12. Qb3 a5 13. Nxe4 Bxe4 14. Ne5 a4 15. Qc3 Nxa2 16. Rxa2 Bxg2 17. Nc6 Bxc6 18. Qxc6 Qd5 19. Qxd5 exd5 20. Bf4 Rfc8 21. Rd1 g5 22. Be3 f6 23. Raa1 Kf7 24. Rdc1 Ke6 25. f4 g4 26. h3 gxh3 27. Kh2 Ra6 28. Kxh3 Kf5 29. Kg2 Ke4 30. Bf2 b4 31. Rh1 a3 32. Rxh7 Bd6 33. bxa3 bxa3 34. Ra2 Rb8 35. e3 Rb2 36. Ra1 a2 37. Rhh1 Rc6 38. g4 Rcc2 39. Rhf1 c5 40. dxc5 Bxc5 41. Rae1 Rb1 42. Rxb1 axb1=Q 43. Rxb1 Bxe3 0-1

[Event "Najdorf Memorial"]
[Site "Warsaw POL"]
[Date "2022.07.17"]
[Round "9.34"]
[White "Choroszej, Aleksander"]
[Black "Hemmerling, Jaroslaw"]
[Result "1/2-1/2"]
[BlackElo "1854"]
[WhiteElo "2040"]

1. d4 d5 2. c4 e6 3. Nc3 Nf6 4. Nf3 dxc4 5. e4 Bb4 6. Bg5 c5 7. e5 cxd4 8. Qa4+ Nc6 9. O-O-O Qa5 10. Qxa5 Bxa5 11. exf6 dxc3 12. fxg7 Rg8 13. Bxc4 cxb2+ 14. Kxb2 Rxg7 15. g3 Bd7 16. h4 Bd8 17. Rhe1 Rc8 18. Bb5 a6 19. Bxd8 Rxd8 20. Ba4 Rg4 21. Bc2 Rb4+ 22. Kc3 h6 23. Ne5 Rb5 24. Nxd7 Rxd7 25. Rxd7 Kxd7 26. Be4 Kc7 27. Bxc6 Kxc6 28. Re4 Rc5+ 29. Kb3 b5 30. Rg4 Rf5 31. f4 Kd5 32. Rg8 a5 33. Rc8 e5 34. fxe5 Kxe5 35. Rh8 h5 36. Kc2 Ke4 37. Rd8 Rf2+ 38. Kb1 Rf3 39. Rh8 Rf5 40. Rd8 Kf3 41. Rg8 Ke4 42. Rd8 Rd5 43. Rg8 Kd4 44. Rf8 Kc3 45. Rc8+ Kb4 46. Re8 Rf5 47. Re3 Kc4 48. Re8 b4 49. Rd8 Kb5 50. Re8 Kc4 51. Rd8 Rf3 52. Rh8 Rf5 53. Re8 Kc3 54. Rc8+ Kd3 55. Re8 a4 56. Rd8+ Kc3 57. Rc8+ Kd3 58. Rd8+ Ke3 59. Rb8 Ra5 60. Kc2 Kf3 61. Rg8 Re5 62. Kb1 Re1+ 63. Kc2 Re2+ 64. Kb1 Re1+ 65. Kc2 Re4 66. Rg5 Rg4 67. Rxh5 Kxg3 68. Rh7 f5 69. h5 Kf4 70. h6 Kg5 71. Rf7 Kg6 72. h7 Rh4 73. Rb7 Rxh7 74. Rxb4 Ra7 75. Kd2 Kg5 76. Ke2 Kf6 77. Ke3 a3 78. Kf4 Ra6 79. Rc4 Ke6 80. Rb4 Kf6 81. Rc4 Kg6 82. Rb4 Kf6 1/2-1/2

[Event "Najdorf Memorial"]
[Site "Warsaw POL"]
[Date "2022.07.17"]
[Round "9.35"]
[White "Rejniak, Zuzanna"]
[Black "Szwaj, Jacek"]
[Result "0-1"]
[BlackElo "1938"]
[WhiteElo "1813"]

1. e4 e6 2. d4 d5 3. Nc3 Bb4 4. e5 c5 5. a3 Bxc3+ 6. bxc3 Ne7 7. Qg4 Kf8 8. a4 Qa5 9. Bd2 c4 10. Qd1 Nbc6 11. Be2 b5 12. axb5 Qxb5 13. Nh3 a5 14. O-O a4 15. Bh5 h6 16. f4 g6 17. Bf3 h5 18. Nf2 Nf5 19. g3 Qa5 20. Kg2 Bd7 21. h3 h4 22. g4 Ng3 23. Re1 Ne7 24. Rg1 Bc6 25. Qe1 Rb8 26. Rb1 Rxb1 27. Qxb1 Ne4 28. Be1 Kg7 29. Kh2 a3 30. Bxe4 a2 31. Qa1 dxe4 32. Bd2 Rb8 33. Rc1 Qa3 34. Nd1 Nd5 35. f5 exf5 36. gxf5 f6 37. fxg6 fxe5 38. dxe5 Qe7 39. Ne3 Qxe5+ 40. Kh1 Nxe3 41. Bxe3 Qg3 42. Re1 Qxe1+ 43. Qxe1 Rb1 0-1